000 01145cam a22003017a 4500
003 MX-MxUPN
005 20240919064133.0
008 230918s2017 mx|a|||fr ||| 000 0 spa d
020 _a9786075241647 (obra completa)
020 _a 9786075241654 (v. 1)
020 _a9786075241661 (v. 2)
020 _a9786075241678 (v.3)
020 _a9786075241685 (v.4)
040 _aMX-MxUPN
_bspa
050 4 _aKGF2919
_bF84 2017
245 _aFuentes históricas :
_bConstitución de 1917
250 _aSegunda edición
260 _aMéxico :
_bCentro de Estudios de Derecho e Investigaciones Parlamentarias :
_bMAPorrúa,
_c2017
300 _a4 volumenes
490 0 _aSerie La Historia
505 _g[v.0.]
_tTabla de contenidos. --
_gv.1.
_t1215-1819. --
_gv.2.
_t1821-1826. --
_gv.3.
_t1831-1915. --
_gv.4
_t1916-2017.
610 1 2 _aMéxico.
_tConstitución política (1917)
_927956
651 4 _94597
_aMéxico
_xHistoria constitucional
700 1 _950336
_aCamacho, Cesar,
_d1959-
_ecoordinación
700 1 _941162
_aFernández Ruiz, Jorge,
_d1930-
902 _aPatriciaDurand/180923
_bVíctorGodínez/171023
942 _2lcc
_cLIBRO
999 _c210339
_d210339